| 000 | 01269nam a22002057a 4500 | ||
|---|---|---|---|
| 003 | BD-DhUL | ||
| 005 | 20170301193259.0 | ||
| 008 | 170301s2011 b ||||| m||| 00| 0 b d | ||
| 040 |
_aBD-DhUL _cBD-DhUL |
||
| 082 |
_a954.92 _bSAB |
||
| 100 | 1 | 0 | _aসারওয়ার, মো: গোলাম |
| 245 | 1 | 0 |
_aবাংলাদেশ : _bজাতিরাষ্ট্র উত্থানে আর্থ-সামাজিক প্রেক্ষাপট-একটি সামাজতাত্বিক বিশ্লেষণ / _cমো: গোলাম সারওয়ার _h[অভিসন্দর্ভ এম.ফিল.] |
| 260 |
_aঢাকা : _bঢাকা বিশ্ববিদ্যালয়, _c২০১১। |
||
| 300 |
_a[১১], ২০২ পৃ. : _bচিত্র ; _c২৯ সে.মি. |
||
| 500 | _aঅভিসন্দর্ভ (এম.ফিল)--সমাজ বিজ্ঞান বিভাগ , ঢাকা বিশ্ববিদ্যালয়, শিক্ষাবর্ষ : ২০০৩-২০০৪। | ||
| 504 | _aগ্রন্থপঞ্জি সংবলিত। | ||
| 650 | 4 |
_aবাংলাদেশ ইতিহাস _x |
|
| 650 | 4 |
_aHistory of Bangladesh _x |
|
| 942 |
_2ddc _cREF |
||
| 999 |
_c159350 _d159350 |
||